Rook's gambit (Record no. 56740)

MARC details
000 -LEADER
fixed length control field 00452nam a2200145 a 4500
008 - FIXED-LENGTH DATA ELEMENTS--GENERAL INFORMATION
fixed length control field 120416s0000 ||||||||||||||||| || u
020 ## - INTERNATIONAL STANDARD BOOK NUMBER
International Standard Book Number 0706603184
050 ## - LIBRARY OF CONGRESS CALL NUMBER
Classification number PR 6058.A4385 Hal
100 ## - MAIN ENTRY--PERSONAL NAME
Personal name Hall, Adam
245 10 - TITLE STATEMENT
Title Rook's gambit
260 ## - PUBLICATION, DISTRIBUTION, ETC.
Place of publication, distribution, etc. London
Name of publisher, distributor, etc. Remploy
Date of publication, distribution, etc. 1972
300 ## - PHYSICAL DESCRIPTION
Extent 222p.
350 ## - PRICE (NR) (BK AM CF MU VM SE) [OBSOLETE]
Price 0.00
995 ## - RECOMMENDATION 995 [LOCAL, UNIMARC FRANCE]
-- 0.00
-- CBU-MAIN LIBRARY (Kitwe)
-- 1
-- 1.60
-- 1
-- AVAILABLE
-- Fiction Collection
Holdings
Withdrawn status Lost status Source of classification or shelving scheme Damaged status Not for loan Home library Current library Shelving location Date acquired Total Checkouts Full call number Barcode Date last seen Price effective from Koha item type
          CBU-MAIN LIBRARY, KITWE. CBU-MAIN LIBRARY, KITWE.   11/30/2022   PR 6058.A4385 Hal 011583 11/30/2022 11/30/2022 MONOGRAPH